00689cam a22002171 45000010005000000030008000050050017000130080041000300350018000710350019000890400031001080410013001390820021001521000019001732450121001922600042003133000026003555040019003816500020004007000051004206169BD-RjUL20211208234210.0140109s1946 paua j 001 0 eng c a(BD-RjUL)6208 a(OCoLC)4351989 aDLCcOUdPPiUdBD-RjUbeng1 arusheng00a398.21bKHA 19461 aKhatchatrianz.10aArmenian folk tales /cRussian version by I. Khatchatrianz; translation by N. W. Orloff. Illus. by Martyros Saryan. aPhiladelphia:bColonial House,c1946. a141 p.billu.c24 cm. aincludes index 0aTaleszArmenia.1 aOrloff, N. W.q(Nicholas W.),d1895-1961,etr.